000 00462nam a2200181Ia 4500
001 8541
005 20260306160617.0
008 260306t2016||||xx |||||||||||||| ||spa||
041 _aESP
082 _a371.102
_bM84
100 _aMoncada Cerón, Jesús Salvador
_eAUT
245 0 _aTutoría en competencias para el aprendizaje autónomo
260 _c2016
300 _a288 páginas :
_c23 cm.
650 _aGEN
654 _aCED
942 _cLIB
_dJUS
_fJUS
_2ddc
_n
999 _c8541
_d8541